| 000 | 01191cam a2200349 a 4500 | ||
|---|---|---|---|
| 001 | 11872 | ||
| 003 | BD-RjUL | ||
| 005 | 20211208235209.0 | ||
| 008 | 140127s1985 maua b 001 0 eng | ||
| 020 | _a026220049X | ||
| 035 | _a(BD-RjUL)11921 | ||
| 040 |
_aDLC _cDLC _dDLC _dBD-RjUL _beng |
||
| 041 | _aeng | ||
| 082 | 0 | 0 |
_a574.526322 _219 _bTHP 1985 |
| 100 | 1 |
_aThompson, Gerald, _936782 |
|
| 245 | 1 | 4 |
_aThe pond / _ctext by Gerald Thompson, Jennifer Coldrey ; principal photographer, George Bernard ; line illustrations by Gerald Thompson. |
| 250 | _a1st MIT Press ed. | ||
| 260 |
_aCambridge, Mass. : _bMIT Press, _cc1984 [Reprint 1985]. |
||
| 300 |
_a256 p. : _bill. (some col.) ; _c28 cm. |
||
| 500 | _aAt head of title: Oxford Scientific Films. | ||
| 500 | _aIncludes index. | ||
| 504 | _aBibliography: p. 256. | ||
| 650 | 0 |
_aPond ecology. _936783 |
|
| 650 | 0 |
_aPond animals _xIdentification. _936784 |
|
| 650 | 0 |
_aPond plants _xIdentification. _936785 |
|
| 700 | 1 |
_aColdrey, Jennifer. _936786 |
|
| 700 | 1 |
_aBernard, George, _d1949- _936787 |
|
| 710 | 2 |
_aOxford Scientific Films. _936788 |
|
| 942 |
_2ddc _cBK |
||
| 999 |
_c11872 _d11872 |
||